The Europeanisation of Law (Record no. 622784)

MARC details
000 -LEADER
fixed length control field 00473nam a2200169 a 4500
008 - FIXED-LENGTH DATA ELEMENTS--GENERAL INFORMATION
fixed length control field 260507s2026##################000#0#eng##
020 ## - INTERNATIONAL STANDARD BOOK NUMBER
ISBN 9781841130255
Paper back/Hardbound hbk
041 ## - LANGUAGE CODE
Language code of text/sound track or separate title eng
082 04 - DEWEY DECIMAL CLASSIFICATION NUMBER
Classification number 341.2422 SNY
245 10 - TITLE STATEMENT
Title The Europeanisation of Law
Sub Title The Legal Effects of European Integration
260 ## - PUBLICATION, DISTRIBUTION, ETC. (IMPRINT)
Place of publication North America
Name of publisher Hart Publishing c/o
Year of publication 2000
300 ## - PHYSICAL DESCRIPTION
Number of Pages 348p. :
Dimensions 20cm
504 ## - BIBLIOGRAPHY, ETC. NOTE
Bibliography, etc Includes index
650 ## - SUBJECT ADDED ENTRY--TOPICAL TERM
Topical Term Law of nations
942 ## - ADDED ENTRY ELEMENTS (KOHA)
Koha item type English Books
Holdings
Withdrawn status Lost status Damaged status Not for loan Home library Current library Date acquired Full call number Accession Number Price effective from Koha item type
        Anna Centenary Library Anna Centenary Library 07.05.2026 341.2422 SNY 381044 07.05.2026 English Books

Find us on the map